Textbook of Engineering Chemistry (Record no. 3998)

MARC details
000 -LEADER
fixed length control field 00326nam a2200133Ia 4500
008 - FIXED-LENGTH DATA ELEMENTS--GENERAL INFORMATION
fixed length control field 191201s2008 xx 000 0 und d
082 ## - DEWEY DECIMAL CLASSIFICATION NUMBER
Classification number 540
Item number JAT
100 ## - MAIN ENTRY--PERSONAL NAME
Personal name JAIN, Neelima
245 #0 - TITLE STATEMENT
Title Textbook of Engineering Chemistry
260 ## - PUBLICATION, DISTRIBUTION, ETC. (IMPRINT)
Place of publication, distribution, etc N.Delhi
Name of publisher, distributor, etc Vayu Edu. India
Date of publication, distribution, etc 2008
300 ## - PHYSICAL DESCRIPTION
Extent 222
650 ## - SUBJECT ADDED ENTRY--TOPICAL TERM
Topical term or geographic name as entry element Applied
942 ## - ADDED ENTRY ELEMENTS (KOHA)
Source of classification or shelving scheme Dewey Decimal Classification
Koha item type Text Books
Holdings
Withdrawn status Lost status Source of classification or shelving scheme Damaged status Not for loan Collection code Home library Current library Date acquired Source of acquisition Cost, normal purchase price Bill Number Total Checkouts Full call number Acc. no. / Barcode Date last seen Date last borrowed Bill Date Koha item type
    Dewey Decimal Classification     Applied Sc. PIET C-LIBRARY PIET C-LIBRARY 20/07/2009 J B C, New Delhi 130.00 SI-1462 1 540 JAT 12750 23/10/2024 16/10/2024 11/07/2009 Text Books
    Dewey Decimal Classification     Applied Sc. PIET C-LIBRARY PIET C-LIBRARY 20/07/2009 J B C, New Delhi 130.00 SI-1462   540 JAT 12751 04/12/2019   11/07/2009 Reference Books

Design & Developed by: PIET Central Library
R70 Miles Stone Pattikalyana Samalkha Panipat 132102
mail ID :- [email protected], Phone No:- 0180-2569700 Ex.216